|
|
|
|
| LEADER |
00000nab a2200000 a 4500 |
| 001 |
vtls011713761 |
| 003 |
SK-MaSNL |
| 005 |
20260318114319.0 |
| 008 |
171004c2017 xo er p ||00 c0ukr |
| 015 |
|
|
|a SNBRB2017/10
|
| 038 |
|
|
|a SVKPOCL
|
| 040 |
|
|
|a SVKPOCL
|b slo
|c SVKPOCL
|e AACR2
|
| 041 |
0 |
|
|a ukr
|
| 044 |
|
|
|a xo
|c SK
|
| 080 |
|
|
|a 37.091.32(084.3-54):378.093.2
|2 2011
|
| 080 |
|
|
|a 082.2
|2 2011
|
| 080 |
|
|
|a 378.093.2:316.022.4(=161.25)
|2 2011
|
| 080 |
|
|
|a 80(=16)+908(4)
|2 2011
|
| 080 |
|
|
|a 80(=161.25)+908(437.6)
|2 2011
|
| 080 |
|
|
|a 316.022.4(=161.25)
|2 2011
|
| 100 |
1 |
|
|a Medviď, Peter,
|d 1981-
|4 aut
|9 268505
|
| 245 |
1 |
0 |
|a Študiji z karpatorusynistikў 8
|c [autor] -pem-
|
| 246 |
3 |
3 |
|a Študiji z karpatorusinistikŷ 8
|
| 500 |
|
|
|a Zborník je knižnou podobou 8. ročníka vedeckých seminárov z karpatorusinistiky za rok 2016
|
| 500 |
|
|
|a Ústav rusínskeho jazyka a kultúry sa od roku 2016 stal súčasťou Centra jazykov a kultúr národnostných menšín
|
| 500 |
|
|
|a V rubrike Aktualno
|
| 500 |
|
|
|a Odkrytie akronymu je s autorovým súhlasom
|
| 600 |
1 |
7 |
|a Slivková, Ivana,
|d 1982-
|2 svkpocl
|9 160849
|
| 600 |
1 |
7 |
|a Pavlič, Michal,
|d 1989-
|2 svkpocl
|9 180036
|
| 600 |
1 |
7 |
|a Šnicer, Ihor
|2 svkpocl
|9 1554249
|
| 600 |
1 |
7 |
|a Sipko, Jozef,
|d 1950-
|2 SNKMA
|9 240313
|
| 600 |
1 |
7 |
|a Mitkov Canov, Strašimir
|2 svkpocl
|9 1622824
|
| 600 |
1 |
7 |
|a Pukan, Miron,
|d 1979-
|2 svkpocl
|9 103182
|
| 600 |
1 |
7 |
|a Magocsi, Paul Robert,
|d 1945-
|2 SNKMA
|9 107071
|
| 600 |
1 |
7 |
|a Paďak, Valerij,
|d 1959-
|2 svkpocl
|9 213054
|
| 600 |
1 |
7 |
|a Bilský, Jozef,
|d 1990-
|2 svkpocl
|9 197910
|
| 610 |
2 |
7 |
|a Prešovská univerzita v Prešove
|2 SNKKA
|9 177485
|
| 610 |
2 |
7 |
|a Prešovská univerzita v Prešove.
|b Centrum jazykov a kultúr národnostných menšín
|2 SNKKA
|9 52956
|
| 610 |
2 |
7 |
|a Prešovská univerzita v Prešove.
|b Ústav rusínskeho jazyka a kultúry
|2 SNKKA
|9 132119
|
| 630 |
0 |
7 |
|a Studium Carpato-Ruthenorum 2016
|g (študiji z karpatorusynistikў) (zborník)
|2 svkpocl
|9 1622825
|
| 648 |
|
7 |
|a 2016
|2 svkpocl
|9 339798
|
| 650 |
0 |
7 |
|a slavistika
|2 SNKPH
|9 4282
|
| 650 |
0 |
7 |
|a rusinistika
|2 SNKPH
|9 90871
|
| 650 |
0 |
7 |
|a karpatorusinistika
|2 svkpocl
|9 490626
|
| 650 |
0 |
7 |
|a semináre
|2 SNKPH
|9 18562
|
| 650 |
0 |
7 |
|a zborníky
|2 SNKPH
|9 108488
|
| 650 |
0 |
7 |
|a Rusíni
|2 SNKPH
|9 4087
|
| 773 |
0 |
|
|t NN info Rusyn : Narodnў novynkў Rusyniv Slovakiji
|g Roč. XIV (26), č. 3 (2017), s. 2
|x 2454-0013
|
| 852 |
|
|
|a SVKPO
|b KIS3GCP
|
| 856 |
4 |
2 |
|y Elektronický archív Info Rusyna je dostupný na: http://www.rusyn.sk
|
| 958 |
|
|
|a RN
|
| 958 |
|
|
|a SK
|
| 958 |
|
|
|a RC
|
| 958 |
|
|
|a SS
|
| 958 |
|
|
|a LX
|
| 999 |
|
|
|c 3345025
|d 3346955
|